Getting started in consulting / (Record no. 1100)

000 -LEADER
fixed length control field 00548nam a22002177a 4500
003 - CONTROL NUMBER IDENTIFIER
control field OSt
005 - DATE AND TIME OF LATEST TRANSACTION
control field 20140116120845.0
008 - FIXED-LENGTH DATA ELEMENTS--GENERAL INFORMATION
fixed length control field 130216b xxu||||| |||| 00| 0 eng d
020 ## - INTERNATIONAL STANDARD BOOK NUMBER
International Standard Book Number 9780470419809
040 ## - CATALOGING SOURCE
Original cataloging agency LoC
Language of cataloging English
050 ## - LIBRARY OF CONGRESS CALL NUMBER
Classification number HD69.C6W45 2009
100 ## - MAIN ENTRY--PERSONAL NAME
Relator code Weiss, A.
245 ## - TITLE STATEMENT
Title Getting started in consulting /
Statement of responsibility, etc Alan Weiss.
250 ## - EDITION STATEMENT
Edition statement 3rd ed.
260 ## - PUBLICATION, DISTRIBUTION, ETC. (IMPRINT)
Place of publication, distribution, etc New Jersey,
Name of publisher, distributor, etc John Wiley and Son,
Date of publication, distribution, etc 2009.
300 ## - PHYSICAL DESCRIPTION
Extent xv, 302p.
501 ## - WITH NOTE
With note Includes index
650 ## - SUBJECT ADDED ENTRY--TOPICAL TERM
Topical term or geographic name as entry element Consulting
650 ## - SUBJECT ADDED ENTRY--TOPICAL TERM
Topical term or geographic name as entry element Management
942 ## - ADDED ENTRY ELEMENTS (KOHA)
Source of classification or shelving scheme
Koha item type Book
Holdings
Withdrawn status Lost status Source of classification or shelving scheme Damaged status Not for loan Home library Current library Date acquired Total Checkouts Total Renewals Full call number Barcode Date last seen Date checked out Copy number Price effective from Koha item type
          Riara University Library Riara University Library 16/02/2013 5 1 HD69.C6 W45 2009 3866/13 26/03/2014 12/03/2014 C.1 16/02/2013 Book
          Riara University Library Riara University Library 19/02/2013 2   HD69.C6 W45 2009 3881/13 22/04/2013 03/04/2013 C.3 19/02/2013 Book
          Riara University Library Riara University Library 19/02/2013 5   HD69.C6 W45 2009 3877/13 24/02/2014 04/02/2014 C.2 19/02/2013 Book

Riara University Library,
P.O. Box 49940-00100,
Nairobi, Kenya.